Foundation maths dictionary

Bibliographic Details
Main Author: Kirkby,David
Format: Book
Published: Chicago : Heinemann , 2001
Subjects:

MARC

LEADER 00000cam a2200000 7i4500
001 0000004933
005 20151222.0
008 070731
020 |a 043101311X 
090 0 0 |a DIC   |b ENG (4365) 
100 1 |a Kirkby,David 
245 1 0 |a Foundation maths dictionary   |c David Kirkby 
260 |a Chicago :   |b Heinemann ,   |c 2001 
500 |a Children ages 7-9 years old (orange) 
650 0 |a Dictionary 
650 0 |a Junior fiction   |x English   |x Languages 
999 |a 0000009468   |b Book   |c Children Collection   |e Cawangan Taman Universiti 
999 |a 0000970775   |b Book   |c REFERENCE   |e Perbadanan Perpustakaan Awam Johor